Considered action for curriculum improvement (Record no. 28541)

MARC details
000 -LEADER
fixed length control field 00396nam a2200145Ia 4500
020 ## - INTERNATIONAL STANDARD BOOK NUMBER
ISBN 0871200996
100 ## - STATEMENT OF RESPONSIBILITY--MAIN AUTHOR NAME
Personal name Foshay, arthur W.
245 #0 - TITLE STATEMENT
Title Considered action for curriculum improvement
260 ## - PUBLICATION, DISTRIBUTION, ETC. (IMPRINT)
Place of publication Virginia
260 ## - PUBLICATION, DISTRIBUTION, ETC. (IMPRINT)
Name of publisher Association for Supervision and Curriculum Development
300 ## - PHYSICAL DESCRIPTION
Number of Pages 201 p
942 ## - ADDED ENTRY ELEMENTS (KOHA)
Koha item type Books
Holdings
Withdrawn status Lost status Source of classification or shelving scheme Damaged status Not for loan Permanent Location Current Location Date acquired Accession Number Price effective from Koha item type
    Library of Congress Classification     NILE UNIVERSITY OF NIGERIA - MAIN LIBRARY NILE UNIVERSITY OF NIGERIA - MAIN LIBRARY 04/23/2025 0003007 04/23/2025 Books